书目信息 |
| 题名: |
全国英语等级考试考试大纲
|
|
| 作者: | ;教育部考试中心 编 | |
| 分册: | 第三级 | |
| 出版信息: | 北京 高等教育出版社 2015 |
|
| 页数: | 162页 | |
| 开本: | 25cm | |
| 丛书名: | ||
| 单 册: | ||
| 中图分类: | H319.2 | |
| 科图分类: | ||
| 主题词: | 英语--水平考试--考试大纲 | |
| 电子资源: | ||
| ISBN: | 978-7-04-042049-4 | |
| 000 | 00936nam0 2200253 450 | |
| 001 | 0103472047 | |
| 005 | 20150723164428.0 | |
| 010 | @a978-7-04-042049-4@dCNY29.00 | |
| 100 | @a20150413d2015 em y0chiy0120 ea | |
| 101 | 0 | @achi@aeng |
| 102 | @aCN@b110000 | |
| 105 | @ay z 000yy | |
| 106 | @ar | |
| 200 | 1 | @a全国英语等级考试考试大纲@9Quan Guo Ying Yu Deng Ji Kao Shi Kao Shi Da;Dai Gang @e2015版@i第三级@f教育部考试中心[编]@b专著 |
| 210 | @a北京@c高等教育出版社@d2015 | |
| 215 | @a162页@d25cm | |
| 300 | @a全国英语等级考试系列用书 | |
| 304 | @a英文共同题名:Public English test system | |
| 330 | @a本书共分四部分,内容包括:全国英语等级考试(PETS)简介、PETS第三级考试级别标准、PETS第三级考试的形式内容与结构、PETS第三级考试样卷。 | |
| 606 | 0 | @a英语@x水平考试@x考试大纲 |
| 690 | @aH319.2@v5 | |
| 711 | 02 | @a教育部考试中心@9jiao yu bu kao shi zhong xin@4编 |
| 801 | 0 | @aCN@bZL@c20150511 |
| 905 | @aBZT@dH319@e66@f1@sH319/66 | |
| 全国英语等级考试考试大纲:2015版.第三级/教育部考试中心[编].-北京:高等教育出版社,2015 |
| 162页;25cm |
| 全国英语等级考试系列用书 |
| ISBN 978-7-04-042049-4:CNY29.00 |
| 本书共分四部分,内容包括:全国英语等级考试(PETS)简介、PETS第三级考试级别标准、PETS第三级考试的形式内容与结构、PETS第三级考试样卷。 |
| ● |
| 相关链接 |
|
|
|
正题名:全国英语等级考试考试大纲
索取号:H319/66
 
预约/预借
| 序号 | 登录号 | 条形码 | 馆藏地/架位号 | 状态 | 备注 |
| 1 | 2000007644 | 2000007644 | 旧书回溯/ [索取号:H319/66] | 在馆 |